Statystyki dla Wszystkie piosenki - Kabe

Kliknij tutaj aby rozwiązać quiz!

Ogólne statystyki

  • Ten quiz został rozwiązany 102 razy
    (28 od ostatniego zresetowania)
  • Średni wynik to 36 z 81

Statystyki odpowiedzi

HintOdpowiedź% Poprawnych
King Kong (z Opiat)King Kong
88%
AlbinosAlbinos
85%
Mowgli (z Opiat)Mowgli
85%
Złote Przeboje (z Miszel)Sheraton
85%
Złote Przeboje (z Miszel)Bajlando
81%
Złote Przeboje (z Miszel)Rarara
81%
Złote Przeboje (z Miszel)Bon Appétit
77%
Trapstar MixtapeTrapstar
77%
Księga Dżungli (z Opiat)Trapstar
77%
Creepshow Mixtape (z Trauma)Trapstar Freestyle
77%
Mowgli (z Opiat)Fefe
73%
Mowgli (z Opiat)Nad Ranem
73%
Złote Przeboje (z Miszel)Pronto
73%
Mowgli (z Opiat)Nike Air Max
69%
King Kong (z Opiat)Dziś nie
65%
Księga Dżungli (z Opiat)Otwarty dach
65%
AlbinosSkiety & Klapki
65%
AlbinosUliczny Styl
65%
King Kong (z Opiat)Cały hajs (feat. Danzel)
62%
Mowgli (z Opiat)Euro
62%
King Kong (z Opiat)Outro (stado hien)
62%
King Kong (z Opiat)W cenie (feat. Białas)
62%
Księga Dżungli (z Opiat)Amiri
58%
AlbinosGhetto Flex
58%
King Kong (z Opiat)Intro
58%
AlbinosPing pong i Szachy
58%
Mowgli (z Opiat)2.0 (feat. Waldemar Kasta)
54%
Złote Przeboje (z Miszel)Nieporozumienie
54%
King Kong (z Opiat)Opinel (feat. Koneser)
54%
King Kong (z Opiat)Wyspy
54%
Mowgli (z Opiat)Analog (feat. Major SPZ)
50%
Złote Przeboje (z Miszel)Do rana
50%
Złote Przeboje (z Miszel)Droga krzyżowa
50%
Mowgli (z Opiat)Ghetto Life (feat. Kizo)
50%
Trapstar MixtapeGrind (feat. Balina)
50%
Księga Dżungli (z Opiat)Kalendarz
50%
Księga Dżungli (z Opiat)Kapie (feat. Elh Kmer)
50%
Księga Dżungli (z Opiat)Kaptury i kominy
50%
Księga Dżungli (z Opiat)Pada deszcz (feat. Sokra)
50%
Księga Dżungli (z Opiat)Plaque PL (feat. DA Uzi)
50%
AlbinosTrap i Grind
50%
Mowgli (z Opiat)Block
46%
Księga Dżungli (z Opiat)Cartier
46%
Mowgli (z Opiat)Ktoś (feat. Kaz Bałagane)
46%
King Kong (z Opiat)Mój dom (feat. Mr. Polska)
46%
King Kong (z Opiat)Sezon
46%
Księga Dżungli (z Opiat)Widok na morze
46%
King Kong (z Opiat)To i to (feat. French The Kid)
42%
King Kong (z Opiat)Vivaldi (feat. Duke102, Kkuba102 & Addikt102)
42%
AlbinosViva Street
42%
Mowgli (z Opiat)Wczoraj (feat. Płomień 81)
42%
AlbinosDookoła bloków
38%
Mowgli (z Opiat)Sukces
38%
Mowgli (z Opiat)Agenda
35%
Mowgli (z Opiat)Bez Nerwów (feat. Hemp Gru)
31%
Creepshow Mixtape (z Trauma)Czas
27%
Creepshow Mixtape (z Trauma)Lewandowski
23%
Creepshow Mixtape (z Trauma)Four
19%
Trapstar MixtapeJeden (feat. Jank)
19%
Creepshow Mixtape (z Trauma)Korona
19%
Trapstar MixtapeOcean
19%
Trapstar MixtapeWyciszony
19%
Creepshow Mixtape (z Trauma)Ballantine's
15%
Creepshow Mixtape (z Trauma)Cela
15%
Creepshow Mixtape (z Trauma)Mordo Z Fartem
15%
Creepshow Mixtape (z Trauma)Narcos
15%
Trapstar MixtapeNie wiem
15%
Trapstar MixtapeSo High (feat. Kaesel)
15%
Trapstar MixtapeWstaje (feat. Młody Ali)
15%
Creepshow Mixtape (z Trauma)Zamknij Mordę
15%
Creepshow Mixtape (z Trauma)718 Freestyle
12%
Creepshow Mixtape (z Trauma)All My Sins
12%
Creepshow Mixtape (z Trauma)Cat Flow
12%
Creepshow Mixtape (z Trauma)Charbon
12%
Trapstar MixtapeGerda (feat. Brodi Sosa)
12%
Trapstar MixtapeLean Flow (feat. Trauma)
12%
Trapstar MixtapeNie przegram (feat. Jank)
12%
Creepshow Mixtape (z Trauma)Ratata
12%
Trapstar MixtapeZadzwoń do mnie
12%
Trapstar MixtapeZielone (feat. Tru .P)
12%
Creepshow Mixtape (z Trauma)Yoikai
0%

Rozkład punktacji

Percentyl według liczby udzielonych odpowiedzi

Procent ludzi z każdym wynikiem

Twoja historia wyników

Nie rozwiązałeś tego quizu od ostatniego zresetowania